Central Library OPAC University of Rajshahi

Genetic transformation of plants / (Record no. 11483)

MARC details
000 -LEADER
fixed length control field 01217cam a22003134a 4500
001 - CONTROL NUMBER
control field 11483
003 - CONTROL NUMBER IDENTIFIER
rucl marc code BD-RjUL
005 - DATE AND TIME OF LATEST TRANSACTION
control field 20211208235131.0
008 - FIXED-LENGTH DATA ELEMENTS--GENERAL INFORMATION
fixed length control field 140126s2003 gw a b 001 0 eng
020 ## - INTERNATIONAL STANDARD BOOK NUMBER
International Standard Book Number 3540002928 (alk. paper)
035 ## - SYSTEM CONTROL NUMBER
System control number (BD-RjUL)11532
040 ## - CATALOGING SOURCE
Original cataloging agency DLC
Transcribing agency DLC
Modifying agency BD-RjUL
Language of cataloging eng
041 ## - LANGUAGE CODE
Language code of text/sound track or separate title eng
082 00 - DEWEY DECIMAL CLASSIFICATION NUMBER
Classification number 571.2028
Edition number 21
Author mark and year GEN 2003
245 00 - TITLE STATEMENT
Title Genetic transformation of plants /
Statement of responsibility, etc. edited by J.F. Jackson and H.F. Linskens.
260 ## - PUBLICATION, DISTRIBUTION, ETC. (IMPRINT)
Place of publication, distribution, etc. Berlin ;
-- New York :
Name of publisher, distributor, etc. Springer,
Date of publication, distribution, etc. c2003.
300 ## - PHYSICAL DESCRIPTION
Pagination xix, 202 p. :
Illustrations ill . ;
Size 24 cm.
504 ## - BIBLIOGRAPHY, ETC. NOTE
Bibliography, etc Includes bibliographical references and index.
650 #0 - SUBJECT ADDED ENTRY--TOPICAL TERM
Topical term or geographic name as entry element Plant genetic transformation.
9 (RLIN) 35498
Topical term or geographic name as entry element Crops
General subdivision Genetic engineering.
9 (RLIN) 21895
Topical term or geographic name as entry element Plant genetic engineering.
9 (RLIN) 35499
700 1# - ADDED ENTRY--PERSONAL NAME
Personal name Jackson, J. F.
Fuller form of name (John F.),
Dates associated with a name 1935-
Personal name Linskens, H. F.
Fuller form of name (Hans F.),
Dates associated with a name 1921-
856 42 - ELECTRONIC LOCATION AND ACCESS
Materials specified Publisher description
Uniform Resource Identifier <a href="http://www.loc.gov/catdir/enhancements/fy0817/2003042766-d.html">http://www.loc.gov/catdir/enhancements/fy0817/2003042766-d.html</a>
Materials specified Table of contents only
Uniform Resource Identifier <a href="http://www.loc.gov/catdir/enhancements/fy0817/2003042766-t.html">http://www.loc.gov/catdir/enhancements/fy0817/2003042766-t.html</a>
942 ## - ADDED ENTRY ELEMENTS (KOHA)
Source of classification or shelving scheme Dewey Decimal Classification
Koha item type Books
Holdings
Lost status Source of classification or shelving scheme Damaged status Not for loan Collection code Permanent Location Current Location Shelving location Date acquired Cost, normal purchase price Total Checkouts Full call number Date last seen Copy number Koha item type Source of acquisition
  Dewey Decimal Classification     Non-fiction Central Library, University of Rajshahi Central Library, University of Rajshahi     128.35   571.2028 GEN 2003 26/01/2014 C-2 Books  
  Dewey Decimal Classification   Not For Loan Non-fiction Central Library, University of Rajshahi Central Library, University of Rajshahi Reading Room 01/01/2006 128.35   571.2028 GEN 2003 10/04/2017 C-1 Books Paragon Enterprise Ltd., Dhaka.